| Tag |
First Indicator |
Second Indicator |
Subfields |
| LEADER |
00000pam a2200000 a 4500 |
| 001 |
in00000551721 |
| 005 |
20151014052547.0 |
| 008 |
831114s1984 nyu b 00110 eng |
| 010 |
|
|
|a 83024547
|
| 020 |
|
|
|a 0312076614 :
|c $22.50
|
| 035 |
|
|
|a (OCoLC)10185514
|
| 035 |
|
|
|9 ACJ9406AM
|
| 039 |
0 |
|
|a 2
|b 3
|c 3
|d 3
|e 3
|
| 040 |
|
|
|a DLC
|c DLC
|d TXA
|d UtOrBLW
|
| 049 |
|
|
|a TXAM
|c [A08966003]
|
| 050 |
0 |
0 |
|a PR5367
|b .G73 1984
|
| 082 |
0 |
|
|a 822/.912
|2 19
|
| 100 |
1 |
|
|a Grene, Nicholas.
|
| 245 |
1 |
0 |
|a Bernard Shaw, a critical view /
|c Nicholas Grene.
|
| 264 |
|
1 |
|a New York :
|b St. Martin's Press,
|c 1984.
|
| 300 |
|
|
|a xi, 173 pages ;
|c 23 cm.
|
| 336 |
|
|
|a text
|b txt
|2 rdacontent
|
| 337 |
|
|
|a unmediated
|b n
|2 rdamedia
|
| 338 |
|
|
|a volume
|b nc
|2 rdacarrier
|
| 500 |
|
|
|a Includes index.
|
| 504 |
|
|
|a Bibliography: pages 167-170.
|
| 600 |
1 |
0 |
|a Shaw, Bernard,
|d 1856-1950
|x Criticism and interpretation.
|
| 999 |
|
|
|a MARS
|
| 999 |
f |
f |
|s 8415d6cf-ce7a-3dd0-90fc-ace7924f38c0
|i 878a4293-6df8-3d67-b502-40c278592e62
|t 0
|
| 952 |
f |
f |
|p normal
|a Texas A&M University
|b College Station
|c Sterling C. Evans Library
|d Evans: Library Stacks
|t 0
|e PR5367 .G73 1984
|h Library of Congress classification
|i unmediated -- volume
|m A14808966003
|
| 998 |
f |
f |
|a PR5367 .G73 1984
|t 0
|l Evans: Library Stacks
|